01596 2200229 4500001002100000005001500021035002000036245006700056100002300123300005000146700003000196260003000226082001500256084002100271020002200292650002200314520093200336008004101268990001901309990001901328990001901347INLIS00000000001507820260127100827 a0010-01260000321 aMasak tanpa ribet :bcooking with Sheila /cSheila Gondowijoyo0 aSheila Gondowijoyo axviii, 157 hlm.; 21 cm. :bIlustrasi berwarna0 aMeiana Utami, F. (editor) aYogyakarta :bAndi,c2020 a641.595 98 a641.595 98 SHE m a978-623-01-0838-9 aMasakan Indonesia aBuku ini ditulis pada saat dunia tengah berjibaku melawan Pandemik Corona dan kita harus menahan diri untuk Stay at Home serta melakukan Social Distancing. Termasuk membatasi untuk ke pasar dan menyimpan bahan makanan untuk 1-2 minggu hingga 1 bulan ke depan. Menginspirasi penulis untuk menghasilkan resep yang praktis dan mengamankan bahan-bahan yang tidak bertahan lama. Nah, membuat BUMBU DASAR sendiri di rumah adalah salah satu jalan keluarnya. NO Pengawet and NO MSG!!! Jadinya awet dan tidak mubazir serta pasti kepakenya. Ada juga kreasi kaldu dan minyak bawang yang praktis dan berbagai resep variasi MENU UNTUK SEBULAN menggunakan Bumbu Dasar buatan sendiri ini. Menarik kan? Buku ini cocok untuk semua sahabat Cooking with Sheila yang sering masak di rumah maupun untuk kalian yang tidak punya banyak waktu untuk memasak karena harus bekerja atau mempunyai seabrek aktivitas lainnya. Salam Anyone can Cook.260127 d 0 ind  a025.4912/PC/25 a025.4913/PC/25 a025.4914/PC/25